Diseño del modelo de gestión de la cadena de valor para el mejoramiento de los resultados financieros en MONDAISA
Guardat en:
| Autor principal: | |
|---|---|
| Altres autors: | , |
| Format: | Llibre |
| Idioma: | Spanish |
| Publicat: |
San José, Costa Rica
2010
|
| Matèries: | |
| Etiquetes: |
Afegir etiqueta
Sense etiquetes, Sigues el primer a etiquetar aquest registre!
|
MARC
| LEADER | 00000nam a2200000Ia 4500 | ||
|---|---|---|---|
| 003 | 010220 | ||
| 005 | 20230927132838.0 | ||
| 008 | 140114s2010 cr a 000 ||spa d | ||
| 040 | |c cru CEDI | ||
| 100 | |a Mezerville Picado, Fabián de,1987- |9 1647 | ||
| 245 | |a Diseño del modelo de gestión de la cadena de valor para el mejoramiento de los resultados financieros en MONDAISA | ||
| 260 | |a San José, Costa Rica |c 2010 | ||
| 500 | |a Proyecto de graduación (licenciatura en ingeniería industrial)--Universidad de Costa Rica. Facultad de Ingeniería. Escuela de Ingeniería Industrial | ||
| 501 | |a Director de Proyecto de Graduación: Ing. Jonathan Vásquez Paniagua | ||
| 610 | 0 | |9 1649 |a MONTANA DEL ARCO IRIS (COSTA RICA) | |
| 650 | |x TE - INDUSTRIA Y COMERCIO |x ADMINISTRACION DE LA PRODUCCION |x COSTOS DE PRODUCCION |x CONTROL DE INVENTARIOS |x LOGISTICA EN LOS NEGOCIOS |x PLANIFICACION DE LA PRODUCCION |9 2792 | ||
| 700 | |9 1648 |a Echeverría García, José Andrés, 1987- | ||
| 700 | |9 1244 |a Vásquez Paniagua, Jonathan, 1979- |d Director del TFG | ||
| 942 | |c CEDI |h TFG 6274 |6 TFG_6274_000000000000000 | ||
| 999 | |c 15930 |d 15930 | ||
